[Event "AUTO-BEG-310"]
[Site "http://www.queenalice.com/game.php?id=575948"]
[Date "2009.4.22"]
[Round "1"]
[White "bonez"]
[Black "TonyDaMadeira"]
[Result "0-1"]
[WhiteElo "1343"]
[BlackElo "1291"]

1. e4 e5 2. Nf3 Nc6 3. Bc4 Bc5 4. O-O Nf6 5. Ng5 d5 6. Bd3 h6 7. exd5 Qxd5 8. c4
Qxd3 9. Qf3 Qxc4 10. d3 Qg4 11. Qxg4 Bxg4 12. Ne4 Nxe4 13. dxe4 O-O 14. Nd2 Nd4
15. Nb3 Nxb3 16. axb3 Rad8 17. Ra5 Bd4 18. b4 f5 19. h3 Bh5 20. exf5 Rxf5 21.
Be3 Bxe3 22. fxe3 Rxf1+ 23. Kxf1 a6 24. Rxe5 Bf7 25. Re7 Rd1+ 26. Kf2 Rc1 27. e4
Rc2+ 28. Kg3 Rxb2 29. e5 Rxb4 30. e6 Bh5 31. Rxc7 Rb6 32. e7 Kf7 33. Kh4 Bg6 34.
g4 Rb5 35. Kg3 Be4 36. Kf4 Bc6 37. Ke3 Re5+ 38. Kd4 Rxe7 0-1

[Event "AUTO-BEG-310"]
[Site "http://www.queenalice.com/game.php?id=575949"]
[Date "2009.4.22"]
[Round "1"]
[White "TonyDaMadeira"]
[Black "bonez"]
[Result "0-1"]
[WhiteElo "1314"]
[BlackElo "1322"]

1. e4 e5 2. Nf3 Nc6 3. Bc4 d5 4. Bxd5 Be6 5. Bxc6+ bxc6 6. Nxe5 Qf6 7. Nxc6 Bc5
8. d4 Qg6 9. g3 Qxe4+ 10. Qe2 Qxh1+ 11. Qf1 Qxc6 12. Be3 Bd6 13. Nc3 Bb4 14. Bd2
Bg4 15. a3 Qe6+ 16. Be3 Bd6 17. Qb5+ Ke7 18. Kf1 Nf6 19. Bg5 Rhb8 20. Qc6 Re8
21. Bxf6+ gxf6 22. Re1 Be5 23. Qc5+ Kd8 24. dxe5 fxe5 25. Rd1+ Bxd1 0-1

[Event "AUTO-INT-1303"]
[Site "http://www.queenalice.com/game.php?id=586326"]
[Date "2009.5.10"]
[Round "1"]
[White "ReidoBaralho"]
[Black "bonez"]
[Result "0-1"]
[WhiteElo "1512"]
[BlackElo "1377"]

1. e4 e5 2. Qh5 Nf6 3. Qxe5+ Be7 4. Nf3 O-O 5. d4 d6 6. Qb5 Nxe4 7. g3 c6 8. Qd3
d5 9. Bg2 b6 10. O-O Bf6 11. c4 Bf5 12. c5 Qd7 13. b4 Nxf2 14. Qe2 Nh3+ 15. Kh1
Na6 16. Qxa6 Qe6 17. Bd2 Qe4 18. Ne5 Qxd4 19. Nxc6 Qxa1 20. Bxd5 Rae8 21. Bc3
Bxc3 22. cxb6 axb6 23. Bg2 Re1 24. Rxe1 Bxe1 25. Qf1 Qxb1 26. Nd4 Bd3 27. Ne2
Qd1 28. Bxh3 Bxe2 29. Qg1 Bf3+ 30. Bg2 Re8 31. h4 g6 32. Bxf3 Qxf3+ 33. Kh2 Re2+
34. Kh3 Qf5+ 35. g4 Qf3+ 0-1

[Event "AUTO-INT-1303"]
[Site "http://www.queenalice.com/game.php?id=586327"]
[Date "2009.5.10"]
[Round "1"]
[White "bonez"]
[Black "ReidoBaralho"]
[Result "1-0"]
[WhiteElo "1342"]
[BlackElo "1524"]

1. e4 e5 2. Nf3 d6 3. d4 Bg4 4. Bc4 Qd7 5. O-O exd4 6. Qd3 c5 7. Bd5 Na6 8. a3
Nf6 9. Bc4 g6 10. b4 Bg7 11. b5 Nc7 12. e5 dxe5 13. Nxe5 Bf5 14. Qf3 Bg4 15.
Qxb7 Qc8 16. Qc6+ Nd7 17. Nxg4 d3 18. cxd3 Bxa1 19. Re1+ Kf8 20. Bh6+ Bg7 21.
Qd6+ Kg8 22. h3 Ne8 23. Qd5 Nd6 24. Qxd6 a6 25. Qd5 Nb6 26. Qxf7# 1-0

[Event "AUTO-INT-1303"]
[Site "http://www.queenalice.com/game.php?id=586340"]
[Date "2009.5.10"]
[Round "1"]
[White "geraldo"]
[Black "bonez"]
[Result "1-0"]
[WhiteElo "1521"]
[BlackElo "1448"]

1. e4 e5 2. Nf3 Nf6 3. Nc3 d5 4. Bd3 dxe4 5. Bxe4 Bc5 6. Nxe5 Qe7 7. d4 Bb6 8.
Bg5 O-O 9. Bxf6 Qxf6 10. Nd5 Qe6 11. Qd3 c6 12. Nxc6 Nxc6 13. O-O-O Nxd4 14.
Bxh7+ Kh8 15. Nf4 Qh6 16. Kb1 Qxf4 17. f3 g6 18. Bxg6 Bf5 19. Bxf5 Nxf5 20. Qc3+
Bd4 21. Qe1 Kg7 22. g3 Qd6 23. Qe4 Ne3 24. Rxd4 Qh6 25. Qe5+ f6 26. Qe7+ Rf7 27.
Qe4 Rc8 28. Qe6 Rxc2 29. Rd7 Rxd7 30. Qxd7+ Kg6 31. f4 Qh5 32. Qe8+ Kf5 33. Qxe3
b6 34. Kxc2 Qf7 35. g4+ Kxg4 36. Rg1+ Kh5 37. Qh3# 1-0

[Event "AUTO-INT-1303"]
[Site "http://www.queenalice.com/game.php?id=586341"]
[Date "2009.5.10"]
[Round "1"]
[White "bonez"]
[Black "geraldo"]
[Result "1-0"]
[WhiteElo "1427"]
[BlackElo "1542"]

1. e4 e5 2. Nf3 Nc6 3. d4 Qf6 4. c3 d5 5. exd5 Nce7 6. Bc4 Qf4 7. Bxf4 exf4 8.
O-O Nf6 9. Qe1 Bf5 10. Na3 O-O-O 11. Ne5 Bg6 12. Nb5 Nexd5 13. Nxa7+ Kb8 14. Nb5
Bd6 15. Rd1 Rhe8 16. Qd2 Ne4 17. Qe1 Bh5 18. Rd3 Ng5 19. Qc1 Be2 20. Bxd5 Bxe5
21. Bc4 h5 22. Qc2 f3 23. gxf3 Nxf3+ 24. Kg2 Nxh2 25. Re1 Bxd3 26. Qxd3 Ng4 27.
Bxf7 Re7 28. Qg6 Bf6 29. Rxe7 Bxe7 30. Qxg7 Bf6 31. Qg6 Bh4 32. Qxh5 Nxf2 33.
Qxh4 Nd1 34. Qxd8# 1-0

[Event "AUTO-INT-1303"]
[Site "http://www.queenalice.com/game.php?id=586348"]
[Date "2009.5.10"]
[Round "1"]
[White "donnybaby"]
[Black "bonez"]
[Result "1-0"]
[WhiteElo "1664"]
[BlackElo "1336"]

1. e3 e5 2. c3 d5 3. h3 Nf6 4. g4 Ne4 5. d3 Nc5 6. b4 Ne6 7. Nd2 c5 8. bxc5 Nxc5
9. a4 Be7 10. Ba3 O-O 11. Bxc5 Bxc5 12. h4 Qa5 13. Qc2 Bxg4 14. f3 Bf5 15. e4
dxe4 16. dxe4 Bd7 17. Nc4 Qc7 18. h5 Be6 19. Qh2 Nc6 20. h6 gxh6 21. Qxh6 Ne7
22. Qxh7# 1-0

[Event "AUTO-INT-1303"]
[Site "http://www.queenalice.com/game.php?id=586349"]
[Date "2009.5.10"]
[Round "1"]
[White "bonez"]
[Black "donnybaby"]
[Result "0-1"]
[WhiteElo "1365"]
[BlackElo "1669"]

1. e4 e6 2. d4 c6 3. Nf3 b5 4. Bf4 a5 5. Ng5 Be7 6. Qd2 h6 7. Nf3 g5 8. Bxb8
Rxb8 9. Bd3 f6 10. O-O c5 11. Bxb5 Rxb5 12. Nc3 Rxb2 13. Na4 Rb4 14. Nxc5 Bxc5
15. dxc5 Rxe4 16. Qd3 Bb7 17. Qb5 Qa8 18. Rad1 Bc6 19. Qd3 g4 20. Nd4 f5 21. Nb5
Bxb5 22. Qxb5 Nf6 23. Rd6 Rb4 24. Rxe6+ Kf7 25. Rxf6+ Kxf6 26. Qxd7 Qe8 27. c6
Qxd7 28. cxd7 Rd8 29. Rd1 Rb2 30. c4 Rc2 31. g3 Rxc4 32. Rd5 a4 33. Rd2 Rc7 0-1

[Event "Challenge"]
[Site "http://www.queenalice.com/game.php?id=592278"]
[Date "2009.5.22"]
[Round "-"]
[White "burnthepoliticians"]
[Black "bonez"]
[Result "0-1"]
[WhiteElo "1360"]
[BlackElo "1420"]

1. e4 e5 2. Nf3 Nc6 3. Bc4 Bc5 4. Ng5 Nh6 5. d3 d6 6. Qf3 O-O 7. O-O Nd4 8. Qh5
Qf6 9. Be3 Nxc2 10. Nc3 Nxa1 11. Rxa1 Bg4 12. Qh4 a6 13. Bxc5 dxc5 14. Bd5 c6
15. Bc4 b5 16. Bb3 Rad8 17. h3 Be6 18. Bxe6 fxe6 0-1

[Event "Challenge"]
[Site "http://www.queenalice.com/game.php?id=598864"]
[Date "2009.6.5"]
[Round "-"]
[White "tony143"]
[Black "bonez"]
[Result "0-1"]
[WhiteElo "1374"]
[BlackElo "1426"]

1. e4 e5 2. Nh3 Nf6 3. b4 Bxb4 4. c3 Ba5 5. d3 O-O 6. f3 d5 7. Ba3 Re8 8. Bb4
Bb6 9. a4 c5 10. Ba3 Bxh3 11. gxh3 dxe4 12. fxe4 c4 13. dxc4 Nbd7 14. Bd6 Nxe4
15. Bb4 Nf2 16. Qf3 e4 17. Qg2 Be3 18. Rg1 g6 19. Ke2 Qb6 20. Na3 Nd3 21. Rd1
Bxg1 22. a5 Qe3# 0-1

[Event "AUTO-INT-1334"]
[Site "http://www.queenalice.com/game.php?id=598868"]
[Date "2009.6.5"]
[Round "1"]
[White "carlitomontana93270"]
[Black "bonez"]
[Result "1-0"]
[WhiteElo "1662"]
[BlackElo "1440"]

1. c4 e5 2. b3 Bb4 3. a3 Bc5 4. Bb2 d6 5. e3 Nf6 6. d4 Bb6 7. Bd3 O-O 8. Qc2 c5
9. Nd2 cxd4 10. exd4 exd4 11. Ngf3 Qe8+ 12. Kd1 Bg4 13. h3 Bd7 14. Nxd4 Nc6 15.
Nxc6 Bxc6 16. Bxf6 gxf6 17. Bxh7+ Kh8 18. Re1 Qd7 19. Be4 Qe6 20. Bxc6 bxc6 21.
Rxe6 fxe6 22. Nf3 e5 23. Qf5 Bxf2 24. Ke2 Bd4 25. Nh4 Kg7 26. Qg6+ Kh8 27. Nf5
1-0

[Event "AUTO-INT-1334"]
[Site "http://www.queenalice.com/game.php?id=598869"]
[Date "2009.6.5"]
[Round "1"]
[White "bonez"]
[Black "carlitomontana93270"]
[Result "0-1"]
[WhiteElo "1434"]
[BlackElo "1636"]

1. e4 c5 2. Nf3 b6 3. d4 Bb7 4. d5 e6 5. dxe6 fxe6 6. Bd3 d6 7. O-O Nf6 8. Nc3
Nbd7 9. Bg5 Be7 10. Bb5 a6 11. Bxd7+ Qxd7 12. a3 O-O-O 13. b4 h6 14. Be3 Nxe4
15. Nxe4 Bxe4 16. bxc5 bxc5 17. Nd2 Bb7 18. Nc4 Qc6 19. Qg4 Bf6 20. Rab1 h5 21.
Qxe6+ Kb8 22. Na5 Qxg2# 0-1

[Event "AUTO-INT-1334"]
[Site "http://www.queenalice.com/game.php?id=598884"]
[Date "2009.6.5"]
[Round "1"]
[White "antcabral"]
[Black "bonez"]
[Result "1-0"]
[WhiteElo "1653"]
[BlackElo "1416"]

1. e4 e5 2. Qh5 Nf6 3. Qxe5+ Be7 4. Nc3 d6 5. Qb5+ Bd7 6. Qxb7 Nc6 7. Bd3 Nd4 8.
Qb4 c5 9. Qa3 O-O 10. h3 Bc6 11. Nge2 Nxe2 12. Bxe2 Nxe4 13. Nd1 Bg5 14. f3 Ng3
15. Rg1 Qe8 16. Nc3 Bf6 17. Kf2 Bh4 18. Rd1 Nxe2+ 19. Kf1 Nxc3 20. dxc3 Bb5+ 21.
Kg1 Qe2 22. Bf4 Qf2+ 23. Kh2 Bc6 24. Rd2 Bg3+ 25. Kh1 Qxd2 26. Bxd2 Rae8 27. c4
Re2 28. Bc3 Rfe8 29. Qa6 Bd7 30. Qb7 Ba4 31. b3 Bxb3 32. cxb3 h6 33. Qc6 Be5 34.
Qxe8+ Kh7 35. Rc1 f6 36. Rf1 Rxa2 37. Bxe5 dxe5 38. Rd1 1-0

[Event "AUTO-INT-1334"]
[Site "http://www.queenalice.com/game.php?id=598885"]
[Date "2009.6.5"]
[Round "1"]
[White "bonez"]
[Black "antcabral"]
[Result "0-1"]
[WhiteElo "1433"]
[BlackElo "1674"]

1. e4 e5 2. Nf3 d6 3. d4 f6 4. Bc4 Ne7 5. O-O a6 6. d5 Ng6 7. Nc3 Be7 8. b4 Bg4
9. b5 axb5 10. Bxb5+ c6 11. dxc6 bxc6 12. Ba4 O-O 13. Bb3+ Kh8 14. Qd3 Nf4 15.
Qc4 Qd7 16. Na4 Nh3+ 17. Kh1 Bh5 18. Nd2 Ng5 19. Nb6 Qa7 20. Nxa8 Qxa8 21. Rb1
Bf7 22. Qd3 Bg6 23. Nc4 Bxe4 24. Qe2 c5 25. Nb6 Bxg2+ 26. Kg1 Nh3# 0-1

[Event "AUTO-INT-1334"]
[Site "http://www.queenalice.com/game.php?id=598896"]
[Date "2009.6.5"]
[Round "1"]
[White "bonez"]
[Black "Romanov"]
[Result "0-1"]
[WhiteElo "1460"]
[BlackElo "1692"]

1. e4 e5 2. Nf3 Nc6 3. d4 exd4 4. Nxd4 Nxd4 5. Qxd4 Nf6 6. Bc4 Qe7 7. Nc3 c5 8.
Qd3 a6 9. O-O b5 10. Nd5 Nxd5 11. Qxd5 Rb8 12. Be2 Bb7 13. Qf5 Bxe4 14. Qf4 Rd8
15. Bg4 g6 16. Bf3 Bf5 17. Bd2 Bg7 18. Rae1 Be6 19. Ba5 Rc8 20. Bb7 Rd8 21. Bxd8
Qxd8 22. Qd6 Bf8 23. Qe5 Rg8 24. Bxa6 Be7 25. Bxb5 Kf8 26. c3 Bf6 27. Qxc5+ d6
28. Qc6 Kg7 29. Bc4 Bxc4 30. Qxc4 d5 31. Qg4 d4 32. cxd4 Bxd4 33. h3 Bxb2 34.
Qe2 Bc3 35. Qc2 Bxe1 36. Rxe1 Re8 37. Qc3+ Kg8 38. a4 Rxe1+ 39. Qxe1 Qd4 40. a5
h5 41. a6 f5 42. Qe6+ Kh7 43. g3 Qd1+ 44. Kg2 Kh6 45. a7 Qd8 46. Qc6 f4 47. gxf4
Qf8 48. a8=Q Qxa8 0-1

[Event "AUTO-INT-1334"]
[Site "http://www.queenalice.com/game.php?id=598897"]
[Date "2009.6.5"]
[Round "1"]
[White "Romanov"]
[Black "bonez"]
[Result "1-0"]
[WhiteElo "1685"]
[BlackElo "1467"]

1. d4 d5 2. Bf4 Bf5 3. a3 e6 4. Nc3 Nc6 5. Nb5 Bd6 6. Nxd6+ cxd6 7. h3 Nf6 8. g3
O-O 9. Bg2 e5 10. dxe5 dxe5 11. Bg5 Rc8 12. Nf3 Qd6 13. Bxf6 Qxf6 14. c3 e4 15.
Nd4 e3 16. fxe3 Be4 17. Bxe4 dxe4 18. Rf1 Qg5 19. Qd2 Qxg3+ 20. Rf2 Qxh3 21.
O-O-O Ne5 22. Qc2 Qg3 23. Rff1 Qxe3+ 24. Kb1 h5 25. Nf5 Qb6 26. Rg1 Ng6 27. Rd6
Qf2 28. Rgd1 Qxf5 29. R6d4 Rce8 30. Rd7 Rb8 31. R7d5 Ne5 32. e3 Rbc8 33. R1d2
Rce8 34. Rf2 Qg5 35. Rg2 Qxe3 36. Rh2 Nf3 37. Rdxh5 Nxh2 38. Qxh2 f6 39. Rh8+
Kf7 40. Rxf8+ Rxf8 41. Qc7+ Kg6 42. Qxb7 Qe1+ 43. Ka2 e3 44. Qe4+ f5 45. Qe6+
Kg5 46. Qe7+ Rf6 47. Qxg7+ Rg6 48. Qxa7 1-0

[Event "tiebreaker"]
[Site "http://www.queenalice.com/game.php?id=611181"]
[Date "2009.6.30"]
[Round "-"]
[White "bonez"]
[Black "burnthepoliticians"]
[Result "0-1"]
[WhiteElo "1433"]
[BlackElo "1404"]

1. e4 e5 2. Nf3 Nc6 3. Bc4 h6 4. O-O Nf6 5. Nc3 Bb4 6. d4 exd4 7. Nxd4 Nxd4 8.
Qxd4 Bxc3 9. Qxc3 O-O 10. e5 Ne4 11. Qd4 Ng5 12. Bf4 b6 13. Rae1 Bb7 14. Bd5
Bxd5 15. Qxd5 c6 16. Qd6 Qb8 17. Qxd7 c5 18. c4 Rd8 19. Qe7 Ne6 20. Rd1 a5 21.
a4 Nxf4 22. Rd7 Rxd7 23. Qxd7 Qe8 24. Qb7 Rb8 25. Qe4 Ne6 26. Re1 Qxa4 27. h3
Ng5 28. Qf5 Qxc4 29. Rd1 Qe6 30. Qxe6 Nxe6 31. g3 Rd8 0-1

[Event "bearded dragonVS shiny honkpig"]
[Site "http://www.queenalice.com/game.php?id=614224"]
[Date "2009.7.6"]
[Round "-"]
[White "bonez"]
[Black "regicide13"]
[Result "0-1"]
[WhiteElo "1435"]
[BlackElo "1885"]

1. e4 e5 2. Nf3 Nc6 3. Nc3 Nf6 4. Bc4 Bc5 5. Nd5 Ng4 6. O-O d6 7. c3 O-O 8. d4
exd4 9. cxd4 Bb6 10. Nxb6 axb6 11. Qb3 Na5 12. Qd3 c5 13. Bg5 Nf6 14. e5 dxe5
15. dxe5 Qxd3 16. Bxd3 Nd5 17. b3 h6 18. Bd2 Bd7 19. Rae1 b5 20. Rc1 c4 21. bxc4
bxc4 22. Bxc4 Nxc4 23. Rxc4 Bb5 24. Rg4 Bxf1 25. Kxf1 Rxa2 26. g3 f5 27. Rd4 Ne7
28. Bb4 Re8 29. Bxe7 Rxe7 30. Rd5 b6 31. Nd4 Rc7 32. Nxf5 Ra5 33. Ne3 Rxd5 34.
Nxd5 Rb7 35. e6 Kf8 36. f4 b5 37. f5 b4 38. Nf4 b3 39. Ng6+ Ke8 0-1

[Event "AUTO-BEG-310"]
[Site "http://www.queenalice.com/game.php?id=629382"]
[Date "2009.8.2"]
[Round "2"]
[White "Reginato"]
[Black "bonez"]
[Result "1-0"]
[WhiteElo "1622"]
[BlackElo "1477"]

1. d4 d5 2. Bf4 Nc6 3. Nc3 e5 4. dxe5 Bc5 5. Nxd5 Be6 6. Nc3 Qh4 7. e3 Nb4 8.
Nb5 Rc8 9. Nf3 Qg4 10. a3 Nd5 11. Qd2 c6 12. h3 Qg6 13. Nd6+ Kd7 14. Nxc8 Kxc8
15. O-O-O Nge7 16. g4 Qe4 17. Bg2 Rd8 18. Nh4 Qc4 19. e4 h6 20. exd5 cxd5 21.
Bf1 Qa2 22. Qc3 b6 23. Be3 Nc6 24. Bxc5 bxc5 25. Ba6+ Kd7 26. Qxc5 Nxe5 27. Bb5+
Nc6 28. Bxc6+ Kc7 29. Bxd5+ 1-0

[Event "AUTO-BEG-310"]
[Site "http://www.queenalice.com/game.php?id=629383"]
[Date "2009.8.2"]
[Round "2"]
[White "bonez"]
[Black "Reginato"]
[Result "1-0"]
[WhiteElo "1452"]
[BlackElo "1675"]

1. e4 e5 2. Nf3 Qf6 3. d4 Qg6 4. Bd3 exd4 5. Nxd4 Bc5 6. Be3 Qxg2 7. Rf1 Qxh2 8.
Qg4 g6 9. Be2 Bxd4 10. Bxd4 Qh6 11. Be3 Qf8 12. Qf4 Nc6 13. Qxc7 Qb4+ 14. Nd2
Qxb2 15. Rd1 Qe5 16. Qxe5+ Nxe5 17. Bc5 b6 18. Bd6 Nc6 19. Nc4 f6 20. e5 f5 21.
Bf3 Ba6 22. Ne3 Bxf1 23. Kxf1 O-O-O 24. Nd5 Nh6 25. Be2 Nf7 26. Ba6# 1-0

[Event "AUTO-BEG-310"]
[Site "http://www.queenalice.com/game.php?id=629388"]
[Date "2009.8.2"]
[Round "2"]
[White "bonez"]
[Black "pablonet"]
[Result "0-1"]
[WhiteElo "1451"]
[BlackElo "1676"]

1. e4 e5 2. Nf3 Nc6 3. d4 exd4 4. Nxd4 Nxd4 5. Qxd4 d6 6. Bc4 Be6 7. O-O Bxc4 8.
Qxc4 Be7 9. Qd4 Nf6 10. e5 c5 11. Qa4+ Nd7 12. exd6 Bxd6 13. Re1+ Be7 14. Bg5 f6
15. Be3 O-O 16. Nc3 Nb6 17. Qe4 Re8 18. Qxb7 Qd6 19. Nb5 Qb8 20. Qc6 Rc8 21.
Qe6+ Kf8 22. Rad1 Rd8 23. g3 a6 24. Nc3 Ra7 25. Ne4 Rad7 26. Rc1 Nd5 27. Nxc5
Rd6 28. Qe4 Nxe3 29. Qxe3 Kf7 30. Qe2 Qb5 31. Ne4 Re6 32. f3 Qxe2 33. Rxe2 f5
34. Nc3 Bb4 35. Rxe6 Kxe6 36. Ne2 g6 37. c3 Bc5+ 38. Kg2 Rd2 39. Re1 Kf6 40. b4
Bb6 41. Kf1 Rxa2 42. c4 Rb2 43. c5 Bc7 44. Nd4 Be5 45. Nc6 Bc3 46. Re7 h6 47.
Re3 Bxb4 48. Nxb4 Rxb4 49. Rc3 Ke6 0-1

[Event "AUTO-BEG-310"]
[Site "http://www.queenalice.com/game.php?id=629389"]
[Date "2009.8.2"]
[Round "2"]
[White "pablonet"]
[Black "bonez"]
[Result "0-1"]
[WhiteElo "1724"]
[BlackElo "1424"]

1. e4 e5 2. Nf3 Nc6 3. Bc4 d5 4. Bxd5 Nf6 5. Bxc6+ bxc6 6. O-O Bg4 7. h3 Be6 8.
Nxe5 Nxe4 9. Re1 Qd5 10. d3 Qxe5 11. Rxe4 Qf5 12. Be3 Bd6 13. c4 c5 14. g4 Qg6
15. h4 h5 16. Bf4 Qxg4+ 17. Qxg4 hxg4 18. Bg3 Rb8 19. b3 Bxg3 20. fxg3 Rd8 21.
Re5 Rxd3 22. Kg2 O-O 23. Re2 Rfd8 24. Na3 Bc8 25. Nb5 f5 26. Nxc7 Bb7+ 27. Kf2
Rf3+ 28. Ke1 Rxg3 29. Kf1 Bf3 30. Rh2 Rd7 31. Ne6 Rd3 32. Ng5 Bd1 33. Rf2 g6 34.
Ne6 Rde3 35. Nxc5 Bf3 36. Rc1 Kg7 37. b4 Rh3 0-1